ბათუმის შოთა რუსთაველის სახელმწიფო უნივერსიტეტის ბიბლიოთეკა

საერთაშორისო სტანდარტები არასრულწლოოვანთა მართლმსაჯულების სფეროში/ (ბიბ.ჩანაწერი № 37633)

000 -ლიდერი
ფიქსირებული სიგრძის საკონტროლო ველი 01731nam a2200229Ia 4500
001 - საკონტროლო ნომერი
საკონტროლო ველი 3605
003 - საკონტროლო ნომრის იდენტიფიკატორი
საკონტროლო ველი GE_BSU
005 - ბოლო ოპერაციის თარიღი და დრო
საკონტროლო ველი 20190626205833.0
008 - ფიქსირებული სიგრძის მონაცემთა ელემენტები - ზოგადი ინფორმაცია
ფიქსირებული სიგრძის საკონტროლო ველი 181216s2011||||ge |||||||||||||| ||geo||
040 ## - კატალოგიზაციის წყარო
Transcribing agency GE_BSU
041 ## - ენის კოდი
Language code of text/sound track or separate title geo
080 ## - უნივერსალური ათობითი კლასიფიკაციის ინდექსი
Universal Decimal Classification number 343.137.5+342.726-058.55 ს–80
110 ## - მთავარი ჩანაწერი - კორპორაციული (კოლექტიური) სახელი
Corporate name or jurisdiction name as entry element გაეროს ბავშვთა ფონდის საქართველოს წარმომადგენლობა.
9 (RLIN) 2985
245 ## - ცნობა სათაურის შესახებ
Title საერთაშორისო სტანდარტები არასრულწლოოვანთა მართლმსაჯულების სფეროში/
Statement of responsibility, etc გაეროს ბავშვთა ფონდის საქართველოს წარმომადგენლობა.
264 ## - წარმოების, გამოცემის, დისტრიბუციის და სხვა ცნობები
გამოცემის, წარმოების, დისტრიბუციის... ადგილი [თბილისი]:
გამოცემის, წარმოების, დისტრიბუციის... სახელწოდება გაეროს ბავშვთა ფონდი,
გამოცემის, წარმოების, დისტრიბუციის... თარიღი 2011.
300 ## - ფიზიკური აღწერა
Extent 92 გვ.
Other physical details 29 სმ.
505 ## - FORMATTED CONTENTS NOTE
Formatted contents note გაეროს ბავშვის უფლებათა კონვენცია -- გაეროს სახელმძღვანელო პრინციპები არასრულწლოვანთა მიერ ჩადენილ დანაშაულთან დაკავშირებით
653 ## - INDEX TERM--UNCONTROLLED
Uncontrolled term გაეროს ბავშვთა ფონდის საქართველოს წარმომადგენლობა.
653 ## - INDEX TERM--UNCONTROLLED
Uncontrolled term არასრულწლოვანთა მართლმსაჯულება.
710 ## - ADDED ENTRY--CORPORATE NAME
Corporate name or jurisdiction name as entry element გაეროს ბავშვთა ფონდის საქართველოს წარმომადგენლობა.
9 (RLIN) 2985
942 ## - ADDED ENTRY ELEMENTS (KOHA)
Koha item type წიგნი
Source of classification or shelving scheme
ეგზემპლარები
ჩამოწერის სტატუსი დაკარგული ეგზემპლარის სტატუსი კლასიფიკაციის წყარო ან თაროზე გაწყობის სქემა დაზიანების სტატუსი არ გაიცემა მუდმივი მდებარეობა (დაცვის ადგილი) ამჟამინდელი ადგილსამყოფელი თაროზე განთავსების ადგილი შეძენის თარიღი სრული შენახვის შიფრი შტრიხკოდი ბოლო ოპერაციის თარიღი ეგზემპლარის მიმდევრობითი ნომერი (კეტერი?) ფასის ძალაში შესვლის თარიღი ეგზემპლარის სახეობა საჯარო შენიშვნა
          ბათუმის შოთა რუსთაველის სახელმწიფო უნივერსიტეტის მთავარი ბიბლიოთეკა ბათუმის შოთა რუსთაველის სახელმწიფო უნივერსიტეტის მთავარი ბიბლიოთეკა წიგნსაცავი 2018-12-17 343.137.5+342.726-058.55 ს–80 5228 2018-12-17 5228 2018-12-17 წიგნი
          ბათუმის შოთა რუსთაველის სახელმწიფო უნივერსიტეტის მთავარი ბიბლიოთეკა ბათუმის შოთა რუსთაველის სახელმწიფო უნივერსიტეტის მთავარი ბიბლიოთეკა წიგნსაცავი 2018-12-17 343.137.5+342.726-058.55 ს–80 5229 2018-12-17 5229 2018-12-17 წიგნი
          ბათუმის შოთა რუსთაველის სახელმწიფო უნივერსიტეტის მთავარი ბიბლიოთეკა ბათუმის შოთა რუსთაველის სახელმწიფო უნივერსიტეტის მთავარი ბიბლიოთეკა წიგნსაცავი 2018-12-17 343.137.5+342.726-058.55 ს–80 5230 2018-12-17 5230 2018-12-17 წიგნი
          ბათუმის შოთა რუსთაველის სახელმწიფო უნივერსიტეტის მთავარი ბიბლიოთეკა ბათუმის შოთა რუსთაველის სახელმწიფო უნივერსიტეტის მთავარი ბიბლიოთეკა წიგნსაცავი 2018-12-17 343.137.5+342.726-058.55 ს–80 5231 2018-12-17 5231 2018-12-17 წიგნი
          ბათუმის შოთა რუსთაველის სახელმწიფო უნივერსიტეტის მთავარი ბიბლიოთეკა ბათუმის შოთა რუსთაველის სახელმწიფო უნივერსიტეტის მთავარი ბიბლიოთეკა წიგნსაცავი 2018-12-17 343.137.5+342.726-058.55 ს–80 5232 2018-12-17 5232 2018-12-17 წიგნი